| 000 | 00388nam a2200145 a 4500 | ||
|---|---|---|---|
| 001 | 1501 | ||
| 003 | CDMR | ||
| 005 | 20130116135211.0 | ||
| 008 | 130130s1963||||||||||||||||||||||||||||d | ||
| 040 |
_aCDMR _bcat _cCDMR |
||
| 100 | 1 |
_aAymard, André _91135 |
|
| 245 | 1 | 0 |
_aHistoria general de las civilizaciones _bVol. I. Oriente y Grecia Antigua |
| 260 |
_aBarcelona _c1963 _bDestino |
||
| 942 | _cMON | ||
| 999 |
_c1501 _d1501 |
||